Largest Populated Cities Quiz Stats

 Plays Quiz not verified by Sporcle

Challenge
Share
Tweet
Embed
Score 0/20 Timer 10:00
0 Plays Today
Country City % Correct
JapanTokyo
100%
MexicoMexico City
98.1%
United StatesLos Angeles
98.1%
EnglandLondon
98.1%
RussiaMoscow
97.1%
South KoreaSeoul
96.2%
United StatesNew York City
94.3%
EgyptCairo
94.3%
ChinaBeijing
94.3%
IndiaMumbai
93.3%
Country City % Correct
ArgentinaBuenos Aires
93.3%
IndonesiaJakarta
91.4%
ChinaShanghai
91.4%
IndiaDelhi
90.5%
PhilippinesManila
90.5%
BrazilSao Paulo
88.6%
JapanOsaka
88.6%
NigeriaLagos
84.8%
PakistanKarachi
79%
IndiaCalcutta
67.6%

You're not logged in!

Compare scores with friends on all Sporcle quizzes.
Join for Free
OR
Log In

You Might Also Like...

Show Comments

Extras

Top Quizzes Today


Score Distribution

Your Account Isn't Verified!

In order to create a playlist on Sporcle, you need to verify the email address you used during registration. Go to your Sporcle Settings to finish the process.

Report this User

Report this user for behavior that violates our Community Guidelines.

Details: